अँधेरे में आँखे/ (Record no. 205206)
[ view plain ]
| 000 -LEADER | |
|---|---|
| fixed length control field | 00960nam a22001937a 4500 |
| 005 - DATE AND TIME OF LATEST TRANSACTION | |
| control field | 20240822144843.0 |
| 010 ## - LCCN (DPL NO) | |
| LC control number | HIN-128295 |
| 020 ## - INTERNATIONAL STANDARD BOOK NUMBER | |
| International Standard Book Number | 9789391390600 |
| Terms of availability | 595.00 |
| 035 ## - SYSTEM CONTROL NUMBER | |
| System control number | HN-100641 |
| 037 ## - SOURCE OF ACQUISITION | |
| Source of stock number/acquisition | DBAD |
| 082 ## - DEWEY DECIMAL CLASSIFICATION NUMBER | |
| Classification number | क |
| 100 ## - MAIN ENTRY--PERSONAL NAME | |
| Personal name | शतपथी,पारमिता |
| 245 ## - TITLE STATEMENT | |
| Title | अँधेरे में आँखे/ |
| Statement of responsibility, etc | लेखक पारमिता शतपथी और राजेंद्र प्रसाद मिश्र द्वारा अनुवादित |
| 260 ## - PUBLICATION, DISTRIBUTION, ETC. (IMPRINT) | |
| Name of publisher, distributor, etc | प्रलेक प्रकाशन |
| Place of publication, distribution, etc | नई दिल्ली |
| Date of publication, distribution, etc | 2022 |
| 270 ## - ADDRESS | |
| Address | A-107 Jaitpur Extension Part-1 Badarpur, |
| City | New Delhi |
| Postal code | 110044 |
| Electronic mail address | pralek.prakashan@gmail.com |
| Telephone number | 7021263557 |
| 300 ## - PHYSICAL DESCRIPTION | |
| Extent | 279पृ.; |
| Dimensions | 22 सेमी (सजिल्द) |
| 700 ## - ADDED ENTRY--PERSONAL NAME | |
| 9 (RLIN) | 70402 |
| Personal name | राजेंद्र प्रसाद मिश्र द्वारा अनुवादित |
| 942 ## - ADDED ENTRY ELEMENTS (KOHA) | |
| Institution code [OBSOLETE] | DPL |
| Item type | Hindi Books |
| Source of classification or shelving scheme | Dewey Decimal Classification |
| Classification part | क |
| Call number suffix | तपथी |
| Withdrawn status | Lost status | Not for loan | Collection code | Home library | Current library | Date acquired | Source of acquisition | Cost, normal purchase price | Full call number | Barcode | Copy number | Cost, replacement price | Koha item type |
|---|---|---|---|---|---|---|---|---|---|---|---|---|---|
| Fiction | Patel Nagar | Patel Nagar | 22/08/2024 | DBAD | 595.00 | क तपथी | HN-100641 | 1 | 595.00 | Hindi Books |
